Shibpur baseline survey Volume I.

Библиографические подробности
Соавтор: Bangladesh Rural Advancement Committee, Research and Evaluation Division
Формат:
Язык:English
Опубликовано: Dhaka : Research and Evaluation Division, Bangladesh Rural Advancement Committee, 1980.
Предметы:
Classic Catalogue: View this record in Classic Catalogue
LEADER 01240nam a22002297a 4500
001 29251
003 BD-DhAAL
005 20260128110127.0
008 150809s1980 bg ||||| |||| 00| 0 eng d
040 |a BD-DhAAL  |c BD-DhAAL 
082 |a 305.42095492  |2 22 
245 |a Shibpur baseline survey  |g 1979,  |n Volume I. 
260 |a Dhaka :  |b Research and Evaluation Division, Bangladesh Rural Advancement Committee,  |c 1980. 
300 |a various paging ;  |c 34 cm. 
541 |a Complimentary copy from BRAC  |e 29251 
650 |a BRAC (Bangladesh Rural Advancement Committee).  |9 7235 
710 |a Bangladesh Rural Advancement Committee,  |b Research and Evaluation Division.  |9 12971 
852 |a Ayesha Abed Library  |b General Stacks 
942 |2 ddc  |c BK 
999 |c 35179  |d 35179 
952 |0 0  |1 0  |2 ddc  |4 0  |6 305_420954920000000_SHI  |7 1  |8 RPT  |9 55151  |a BRACUL  |b BRACUL  |c BRS  |d 2015-08-09  |e Complimentary copy from BRAC  |l 1  |o 305.42095492 SHI  |p 3010029251  |r 2025-12-30  |s 2025-03-23  |t 1  |w 2015-08-09  |y BK  |x BRAC ; price not available in register 
952 |0 0  |1 0  |2 ddc  |4 0  |6 305_420954920000000_SHI  |7 1  |8 RPT  |9 55152  |a BRACUL  |b BRACUL  |c BRS  |d 2015-08-09  |e Complimentary copy from BRAC  |l 1  |o 305.42095492 SHI  |p 3010029252  |r 2025-12-30  |s 2025-03-23  |t 2  |w 2015-08-09  |y BK  |x BRAC ; price not available in register